[Event "Reykjavik op"]
[Site "Reykjavik"]
[Date "2017.04.23"]
[Round "6"]
[White "Halldorsson, Bragi"]
[Black "Le Goff, Damien"]
[Result "0-1"]
[WhiteElo "2110"]
[BlackElo "2278"]
[PlyCount "90"]
[EventDate "2017.04.19"]
[EventType "swiss"]
[EventRounds "10"]
[EventCountry "ISL"]
[SourceTitle "CBM 178 Extra"]
[Source "ChessBase"]
[SourceDate "2017.06.22"]
[SourceVersion "1"]
[SourceVersionDate "2017.06.22"]
[SourceQuality "1"]

1. d4 Nf6 2. Nf3 c5 3. e3 g6 4. c4 Bg7 5. Nc3 0-0 6. Be2 cxd4 7. exd4 d5 8. c5 b6 9. cxb6 axb6 10. 0-0 Bb7 11. Bf4 Nc6 12. Nb5 Rc8 13. Ne5 Nxe5 14. Bxe5 Ne4 15. Bf4 g5 16. Be3 h6 17. f3 Nd6 18. Nxd6 Qxd6 19. f4 gxf4 20. Rxf4 e5 21. Rh4 e4 22. Qd2 Kh7 23. Rf1 f5 24. Rhf4 Qg6 25. Qd1 Rcd8 26. Bh5 Qe6 27. Kh1 Bc8 28. a4 Qd6 29. Qd2 Bd7 30. b3 Rc8 31. Bd1 Be6 32. Rh4 Bd7 33. Bf4 Qe6 34. Qf2 Rc6 35. Rh3 Rg8 36. Qd2 Bf8 37. Be2 Rc8 38. Rc1 Bg7 39. Bb5 Rxc1+ 40. Qxc1 Bxb5 41. axb5 Rc8 42. Qd2 Ra8 43. Qc1 Qf6 44. Be5 Qg5 45. Qb2 Ra2 0-1

[Event "Reykjavik op"]
[Site "Reykjavik"]
[Date "2017.04.22"]
[Round "5"]
[White "Le Goff, Damien"]
[Black "Esserman, Marc"]
[Result "0-1"]
[WhiteElo "2278"]
[BlackElo "2458"]
[PlyCount "64"]
[EventDate "2017.04.19"]
[EventType "swiss"]
[EventRounds "10"]
[EventCountry "ISL"]
[SourceTitle "CBM 178 Extra"]
[Source "ChessBase"]
[SourceDate "2017.06.22"]
[SourceVersion "1"]
[SourceVersionDate "2017.06.22"]
[SourceQuality "1"]

1. Nf3 Nf6 2. g3 g6 3. Bg2 Bg7 4. 0-0 0-0 5. d4 d6 6. a4 a5 7. Re1 c6 8. e4 Qc7 9. h3 e5 10. Nc3 Na6 11. b3 Re8 12. Ba3 Nb4 13. Qd2 Be6 14. Na2 Nxa2 15. Rxa2 Rad8 16. Bb2 d5 17. exd5 Nxd5 18. Raa1 exd4 19. Bxd4 Nb4 20. Rad1 c5 21. Qc3 Rxd4 22. Nxd4 Qb6 23. Qf3 cxd4 24. Re2 Rc8 25. Qe4 Nd5 26. Qxd5 Bxd5 27. Bxd5 Bf6 28. Rde1 Rc3 29. Re8+ Kg7 30. Be4 d3 31. Bxd3 Rxd3 32. cxd3 Bd4 0-1